Southville International School and Colleges
Your cart is empty.
  • Cart
  • Lists
    Public lists Eva Luna New books Lux_list list_1
    Your lists Log in to create your own lists
  • Log in to your account
  • Your cookies
  • Search history
Southville International School and Colleges
  • Advanced search
  • Recent comments
  • Most popular
  • Libraries

Log in to your account

Log in with GOOGLE


If you do not have an external account, but do have a local account, you can still log in:

  1. Home
  2. MARC view: Introduction to logical theory /
Normal view MARC view ISBD view

Introduction to logical theory / (Record no. 117664)

[ view plain ]
MARC details
000 -LEADER
fixed length control field 00487nam a2200181Ia 4500
003 - CONTROL NUMBER IDENTIFIER
control field PILC
005 - DATE AND TIME OF LATEST TRANSACTION
control field 20160129102331.0
008 - FIXED-LENGTH DATA ELEMENTS--GENERAL INFORMATION
fixed length control field 140529s9999 xx 000 0 und d
020 ## - INTERNATIONAL STANDARD BOOK NUMBER
International Standard Book Number 9780415618717
050 ## - LIBRARY OF CONGRESS CALL NUMBER
Classification number BC 50
Item number .St8 2011
100 ## - MAIN ENTRY--PERSONAL NAME
Personal name Strawson, P. F.
245 ## - TITLE STATEMENT
Title Introduction to logical theory /
Statement of responsibility, etc P.F. Strawson
260 ## - PUBLICATION, DISTRIBUTION, ETC. (IMPRINT)
Place of publication, distribution, etc Abingdon, Oxon :
Name of publisher, distributor, etc Routledge,
Date of publication, distribution, etc 2011.
300 ## - PHYSICAL DESCRIPTION
Extent 266 pages ;
Dimensions 20 cm.
500 ## - GENERAL NOTE
General note Includes index.
942 ## - ADDED ENTRY ELEMENTS (KOHA)
Call number prefix Foreign
Koha item type Books
Source of classification or shelving scheme Library of Congress Classification
Holdings
Withdrawn status Lost status Source of classification or shelving scheme Damaged status Home library Current library Shelving location Date acquired Source of acquisition Cost, normal purchase price Total Checkouts Full call number Barcode Date last seen Price effective from Koha item type
    Library of Congress Classification   College Library College Library General Circulation Section 05/30/2014 Donation 2637.00   BC 50 .St8 2011 C16779 05/15/2018 05/30/2014 Books

Introduction to logical theory /

APA

Strawson P. F., . (2011). Introduction to logical theory. Abingdon, Oxon: Routledge.

Chicago

Strawson P F, . 2011. Introduction to logical theory. Abingdon, Oxon: Routledge.

Harvard

Strawson P. F., . (2011). Introduction to logical theory. Abingdon, Oxon: Routledge.

MLA

Strawson P F, . Introduction to logical theory. Abingdon, Oxon: Routledge. 2011.

  • Place hold
  • Print
  • Cite
  • Add to your cart (remove)
  • Save record
    BIBTEX Dublin Core MARCXML MARC (non-Unicode/MARC-8) MARC (Unicode/UTF-8) MARC (Unicode/UTF-8, Standard) MODS (XML) RIS
  • More searches
    Search for this title in:
    Other Libraries (WorldCat) Other Databases (Google Scholar) Online Stores (Bookfinder.com) Open Library (openlibrary.org)

Exporting to Dublin Core...

SOUTHVILLE LIBRARY

Southville International School and Colleges Library

1281 Tropical Ave. Cor. Luxembourg St., BF Homes International, Las Pinas City

Tel. No. 8256374 / 252358 Loc. 117/146

Powered by Koha